00320 a2200121 4500020001800000082001200018100002700030245004100057260003900098300001100137650002400148700002600172 a9788176565806 a005.133 aKanetkar, Yashavant P. aC#.NET fundascYashavant P. Kanetkar aSingaporebTech Publicationsc2002 a218 p. aC#--Microsoft .NET. aYashavant P. Kanetkar